000 00316nam a2200145Ia 4500
100 _aGlisson/T.H
942 _cBK
654 _aSystem Analysis
245 _aIntroduction To System Analysis
260 _bMcGraw Hill
_aNew York
_c1985
082 _a621.3
_bGei
300 _a700
546 _aENGLISH
999 _c35003
_d35003